| 000 -LEADER |
| fixed length control field |
00482nam a22001457a 4500 |
| 008 - FIXED-LENGTH DATA ELEMENTS--GENERAL INFORMATION |
| fixed length control field |
200804b ||||| |||| 00| 0 eng d |
| 082 00 - DEWEY DECIMAL CLASSIFICATION NUMBER |
| Classification number |
341.7566 |
| Item number |
I325 |
| 110 ## - MAIN ENTRY--CORPORATE NAME |
| 9 (RLIN) |
806 |
| Corporate name or jurisdiction name as entry element |
IMCO |
| 245 10 - TITLE STATEMENT |
| Title |
International Conference on Safety of Life at Sea, 1974, with amendments approve in 1978,1981,1983,1988, text and comments / |
| 250 ## - EDITION STATEMENT |
| Edition statement |
1st ed. |
| 260 ## - PUBLICATION, DISTRIBUTION, ETC. (IMPRINT) |
| Place of publication, distribution, etc |
Bombay: |
| Name of publisher, distributor, etc |
Bhandarkar, |
| Date of publication, distribution, etc |
1990. |
| 300 ## - PHYSICAL DESCRIPTION |
| Extent |
xv, 383 p. |
| 650 #0 - SUBJECT ADDED ENTRY--TOPICAL TERM |
| Topical term or geographic name as entry element |
Ships--Safety regulations,Conference |
| 942 ## - ADDED ENTRY ELEMENTS (KOHA) |
| Item type |
Books |